000 00722cab a2200229 4500
001 WB3401-26
008 090401t1997 xxu||||| |||| 00| 0 eng d
035 _a(Sirsi) u82889
041 _aeng
245 _aMinistry of Defence property disposal
260 _c1997
350 _a0
490 _aDepartment of the Environment, Transport and the Regions
_v(523/ENV) 17 December 1997, (2)
520 _aThe Planning Minister announces uidelines regarding the disposal of surplus Ministry of Defence property.
650 _aPROPERTY-PROPERTY ACQUISITION AND DISPOSAL
650 _aGUIDELINES
650 _aMOD
650 _aSURPLUS PROPERTY
690 _aECONOMIC AND SOCIAL
942 _n0
948 _c23/12/1997
999 _c52347
_d52347